Tutte le carte del Mercante in Fiera - Statistics

Statistiche generali
  • Questo quiz è stato fatto 32 volte
  • Il punteggio medio è 15 su 40
Statistiche sulle risposte
Numero Carta % Corretto
6 Cane
68%
35 Lattante
64%
12 Cavallo
56%
11 Leone
56%
13 Giraffa
52%
38 Castello
48%
17 Elefante
48%
27 Giapponesina
48%
37 Pagoda
44%
33 Bersagliere
40%
8 Farfalla
40%
28 Mietitrice
40%
7 Pappagallo
40%
18 Balena
36%
14 Cervo
36%
22 Funghi
36%
31 Maresciallo
36%
40 Nave
36%
5 Usignolo
36%
32 Arabo
32%
1 Falco
32%
10 Gatto selvatico
32%
34 Giocatrici
32%
4 Martin pescatore
32%
2 Orso bianco
32%
30 Poesia
32%
29 Spagnola
32%
39 Venezia
32%
19 Canguro
28%
9 Colombi
28%
26 Dama
28%
25 Faro
28%
20 Flora
28%
24 Pesca
28%
23 Pesci e uva
28%
21 Primule
28%
3 Rondini
28%
36 Sfinge
28%
15 Gazzelle
24%
16 Rinoceronte
24%
Nessun quiz corrispondente trovato
Distribuzione punteggi
Percentuale di utenti per punteggio
Percentile per numero di risposta
I tuoi punteggi nel tempo
Non hai fatto questo quiz